|
|
|
|
| LEADER |
00000nam a22000007a 4500 |
| 005 |
20210514233312.0 |
| 007 |
cr|||| |||| |
| 008 |
210514s2013 co |||||s|||| 00||0 spa d |
| 020 |
|
|
|a 978-958-762-098-6
|
| 035 |
|
|
|a 33377
|
| 040 |
|
|
|a vLex
|
| 090 |
|
|
|c 11670
|d 11670
|
| 100 |
1 |
|
|a Arroyo Gm̤ez, Cristina
|
| 245 |
1 |
0 |
|a Eventos corporativos y protocolo empresarial
|h [Recurso electrn̤ico] /
|c Cristina Arroyo Gm̤ez, Ral︢ Morrueco Gm̤ez
|
| 256 |
|
|
|a Servicio en ln̕ea
|
| 260 |
|
|
|a Bogot:̀
|b Ediciones de la U,
|c 2013
|
| 300 |
|
|
|a 1 recurso electrn̤ico
|
| 500 |
|
|
|a Existen numerosos eventos en el m̀bito empresarial, desde una simple reunin̤, pasando por un briefing hasta un gran evento, como puede ser un congreso. Las caracters̕ticas y los objetivos son bien distintos. Por ello, es necesario para cualquier profesional que vaya a organizarlos, que forme parte de un comit ̌de organizacin̤ o, simplemente, que quiera conocerlos como enriquecimiento profesional.
|
| 506 |
1 |
|
|a Disponible solo en los productos indicados
|d vLex Global
|d vLex Global (Academic Edition, excluding Law Schools)
|d vLex Global (U.S. Academic Edition, Law Schools)
|d vLex Global (U.S. Academic Edition, excluding Law Schools)
|d vLex Global (Academic Edition, Law Schools)
|
| 650 |
0 |
4 |
|a Publicidad y relaciones pb︢licas
|z Colombia
|
| 700 |
1 |
|
|a Morrueco Gm̤ez, Ral︢
|
| 740 |
0 |
|
|a vLex Libros (Servicio en ln̕ea)
|
| 856 |
4 |
0 |
|u https://vlex.com/source/eventos-corporativos-y-protocolo-empresarial-33377
|z Acceso restringido
|
| 942 |
|
|
|c BOOK
|
| 999 |
0 |
|
|a Advertising and public relations
|